000 00221nam a2200097Ia 4500
008 220204s9999 xx 000 0 und d
082 _a82-3
_bCAR
100 _aCarter, Nick
245 0 _aSix bloody summer days
942 _cBK
999 _c28525
_d28525